Simulador CPUCR

Spremljeno u:
Bibliografski detalji
Glavni autor: Ulloa Jimenez, Sergio Mauricio
Format: Disertacija Knjiga
Jezik:Undetermined
Izdano: 1985
Teme:
> > > > SIMULADOR CPUCR
Oznake: Dodaj oznaku
Bez oznaka, Budi prvi tko označuje ovaj zapis!

MARC

LEADER 00000nam a2200000Ia 4500
001 002846 V II
008 140114s9999 xx 000 0 und d
100 |a Ulloa Jimenez, Sergio Mauricio 
245 |a Simulador CPUCR 
260 |c 1985 
500 |a NULL 
502 |a Escuela de ingenieria Electrica 
650 |z SIMULADOR CPUCR 
999 |c 11653  |d 11653